Statistiques concernant Films de James Bond

Cliquez ici pour prendre le quiz!

Statistiques générales

  • Ce quiz a été pris 427 fois
    (293 depuis la dernière actualisation)
  • Le résultat moyen est 15 sur 25

Statistiques - réponses

Année de sortieActeurTitre du film% Correct
2012Daniel CraigSkyfall
89%
2006Daniel CraigCasino Royale
86%
2015Daniel Craig007 Spectre
76%
1995Pierce BrosnanGoldenEye
74%
1962Sean ConneryJames Bond 007 contre Dr. No
74%
1964Sean ConneryGoldfinger
72%
2021Daniel CraigMourir peut attendre
71%
2008Daniel CraigQuantum of Solace
70%
1963Sean ConneryBons baisers de Russie
65%
1997Pierce BrosnanDemain ne meurt jamais
62%
1983Roger MooreOctopussy
60%
1979Roger MooreMoonraker
56%
2002Pierce BrosnanMeurs un autre jour
55%
1989Thimothy DaltonPermis de tuer
54%
1969George LazenbyAu service secret de Sa Majesté
53%
1971Sean ConneryLes diamants sont éternels
53%
1974Roger MooreL'Homme au pistolet d'or
49%
1965Sean ConneryOpération Tonnerre
47%
1977Roger MooreL'Espion qui m'aimait
44%
1973Roger MooreVivre et laisser mourir
44%
1987Thimothy DaltonTuer n'est pas jouer
43%
1999Pierce BrosnanLe monde ne suffit pas
41%
1967Sean ConneryOn ne vit que deux fois
40%
1985Roger MooreDangereusement vôtre
39%
1981Roger MooreRien que pour vos yeux
39%

Distribution des résultats

Percentile par nombre de réponses

% des personnes avec chaque résultat

Votre développement - résultats

Vous n’avez pas pris ce quiz depuis la dernière actualisation